000 00558nam a2200193 u 4500
005 20230117063545.0
008 111122s1998 es r 000 0 spa d
020 _a8480633247
035 _aUPN01000182578
049 _aCG
050 4 _aHD6231
_bA7.2
100 1 _aArias Robles, Marta
245 1 0 _aAdultos a la fuerza :
_bla explotación laboral de la infancia /
_cMarta Arias Robles.
260 _aBarcelona, Esp. :
_bIntermon,
_c1998.
300 _a109 p. :
_bil.
440 0 _aDocumentos ;
_v13
650 2 _aTrabajo infantil
_96269
905 _aLibro
999 _c154681
_d154681